| 000 | 00761nam a2200253 a 4500 | ||
|---|---|---|---|
| 005 | 20210219152933.0 | ||
| 008 | 991125n 000 0 u | ||
| 035 | _aUPN01000067750 | ||
| 100 | _aAram, Dorothy M. | ||
| 222 | _aJOURNAL OF SPEECH, LANGUAGE, AND HEARING RESEARCH | ||
| 245 | _aClinical and research congruence in identifying children with specific language impairment | ||
| 300 | _a580-591 | ||
| 362 | _a36, No. 3, 1993 | ||
| 505 | _aDiciembre 1993 | ||
| 653 | 0 | _aCLASIFICACION | |
| 653 | 0 | _aDESVENTAJAS EN EL LENGUAJE | |
| 653 | 0 | _aDIAGNOSTICO CLINICO | |
| 653 | 0 | _aINDICADORES EDUCATIVOS | |
| 653 | 0 | _aPRUEBAS DE DIAGNOSTICO | |
| 700 | _aMorris, Robin | ||
| 700 | _aHall, Nancy E. | ||
| 904 |
_aAC _b005561 |
||
| 905 | _aArticulo | ||
| 999 |
_c64178 _d64178 |
||